Score 0/20 Timer 05:00
0 Plays Today
Question Answer Wrong Answers
Platform Nine and Three-Quarters J. K. Rowling
91.1%
C. S. Lewis
2%
George R. R. Martin
1.7%
J. R. R. Tolkien
0.9%
Number 12, Grimmauld Place J. K. Rowling
89.4%
C. S. Lewis
2.9%
George R. R. Martin
2%
J. R. R. Tolkien
1.2%
Diagon Alley J. K. Rowling
87.5%
C. S. Lewis
2.9%
George R. R. Martin
3.6%
J. R. R. Tolkien
1.5%
The Hog's Head J. K. Rowling
79%
C. S. Lewis
3.7%
George R. R. Martin
5.9%
J. R. R. Tolkien
6.8%
Godric's Hollow J. K. Rowling
78.3%
C. S. Lewis
3.4%
George R. R. Martin
5.6%
J. R. R. Tolkien
8.1%
Barad-dûr J. R. R. Tolkien
74.4%
C. S. Lewis
8.1%
George R. R. Martin
11%
J. K. Rowling
1.2%
Rohan J. R. R. Tolkien
74.3%
C. S. Lewis
8.2%
George R. R. Martin
10.5%
J. K. Rowling
1.9%
Dorne George R. R. Martin
69.6%
C. S. Lewis
10.9%
J. K. Rowling
2.4%
J. R. R. Tolkien
11.5%
Ephel Dúath J. R. R. Tolkien
69.5%
C. S. Lewis
10.7%
George R. R. Martin
12.8%
J. K. Rowling
1.6%
Qarth George R. R. Martin
68%
C. S. Lewis
11%
J. K. Rowling
3.6%
J. R. R. Tolkien
12.4%
Mirkwood J. R. R. Tolkien
66.7%
C. S. Lewis
12.7%
George R. R. Martin
10.5%
J. K. Rowling
5.2%
Hardhome George R. R. Martin
62.5%
C. S. Lewis
16.8%
J. K. Rowling
3.5%
J. R. R. Tolkien
11.8%
Cair Paravel C. S. Lewis
62%
George R. R. Martin
13%
J. K. Rowling
3.4%
J. R. R. Tolkien
15.9%
The Silver Sea C. S. Lewis
60.2%
George R. R. Martin
22.1%
J. K. Rowling
2.1%
J. R. R. Tolkien
10.3%
Eastwatch-by-the-Sea George R. R. Martin
59.3%
C. S. Lewis
22%
J. K. Rowling
6.9%
J. R. R. Tolkien
6.9%
Arnor J. R. R. Tolkien
55.9%
C. S. Lewis
19.2%
George R. R. Martin
17.4%
J. K. Rowling
2.1%
Calormen C. S. Lewis
55.5%
George R. R. Martin
19.9%
J. K. Rowling
2.8%
J. R. R. Tolkien
16.2%
Lantern Waste C. S. Lewis
53.1%
George R. R. Martin
22.5%
J. K. Rowling
8.1%
J. R. R. Tolkien
10.7%
Flea Bottom George R. R. Martin
50.8%
C. S. Lewis
13.5%
J. K. Rowling
20.9%
J. R. R. Tolkien
9.4%
Telmar C. S. Lewis
48.6%
George R. R. Martin
20.1%
J. K. Rowling
2.1%
J. R. R. Tolkien
23.8%

Today's Daily Dose

Missing Word
The Unexplained

Quick Pick
Sunday Things

Get the Picture
Beat It or Eat It?

You're not logged in!

Compare scores with friends on all Sporcle quizzes.
OR
Log In

Sporcle TV

Today on Sporcle TV


Watch our educational content, quiz creation guides, and fun videos on Sporcle TV.

Show Comments

Extras

Top Quizzes Today


Score Distribution

Paid Content

Your Account Isn't Verified!

In order to create a playlist on Sporcle, you need to verify the email address you used during registration. Go to your Sporcle Settings to finish the process.

Report this User

Report this user for behavior that violates our Community Guidelines.

Details: